Geometry Dash - All Legendary/Mythic Levels - Statistics

General Stats
  • This quiz has been taken 155 times
    15 since last reset
  • The average score is 46 of 250
Answer Stats
Creator Level % Correct
16lord The Towerverse
73%
chunlv1 Aperture
64%
Serponge Coaster Mountain
64%
vegtam EASTSIDE
64%
bli Final Orbit
64%
MindCap ORBIT
64%
YoReid Skeletal Shenanigans
64%
vegtam Abducted
55%
Arclia Astralith
55%
Rafer FUNHOUSE
55%
BoomKitty GD GANGSTER RAP
55%
empsea Kisaragi
55%
CHRAPIVA MAGISTRO
55%
djudjeito Out of Place
55%
kira9999 WANNACRY
55%
kira9999 Alien Dream Emulator
45%
MiraCatsy Avarinth
45%
Grax BER ZER KER
45%
connot BUSSIN
45%
Whirl Busted
45%
AbstractDark Dimension Break
45%
galofuf dll
45%
ivyteal dronification
45%
Knots Duckstep
45%
Trms01 Fukashigi
45%
Knots getHappier
45%
PixelLolka Great Asset
45%
7ak IO
45%
meeloz I See Stars
45%
Debihan Jova
45%
LightPotatoDev KRYPT OF KRANDON
45%
pugmaster706 Muse Rush
45%
F5night Neozenith
45%
Arclia Next Cab Soon
45%
AwiXan PixelPath II
45%
dolphe Project Novaform
45%
zejoant Quarion
45%
Debihan Quebrantar
45%
bli Rage Quit
45%
MinAY Randomverse
45%
JustPotatoNow SLASH
45%
Whirl Slasher
45%
DesTicY Spacetime Continuum
45%
Glubfuberz Stardust Sanctuary
45%
MattewGame Tears of Denial
45%
Lyal The Beyond
45%
vegtam The Incinerator
45%
16lord The Towerverse II
45%
DangerousROBOT Update Disorder
45%
Wilz zone pirate v
45%
thejshadow Throat of the World
36%
galofuf And Ever
27%
Bolyarb Christmas Is Here
27%
Magpipe Heave Ho
27%
Bpi RESONATE
27%
HipVillain space i guess
27%
BowtieGD ABSURDIA
18%
MattewGame Armored Core
18%
aPunch BIRDBRAIN
18%
Vitto918 Bonus level
18%
connot boogie
18%
ViPriN BUTTON MASHER
18%
AudieoVisual CARASPACE
18%
IMOXI Dead Device
18%
BloomOcean Grand Eclipse
18%
BrainETR HideOut
18%
ZeroSR Lotus
18%
fawksgdd Metamorphosis
18%
FunkYFries RAGING RAPIDS
18%
AudieoVisual RIVERS OF NAZARETH
18%
Woom STRATUS
18%
Magpipe Subwoofer Lullaby
18%
LLorca TASSAR
18%
Doggie The End is Here
18%
MattewGame The Gungeon
18%
thejshadow The Menhir
18%
Colon The Sneaky Hollow
18%
aPunch The Stereo Madness
18%
AbstractDark Tornado
18%
cherryteam Waterfall
18%
MinAY 0 exit
9%
Paintingorange 102 BLUES
9%
Nemo2510 3Depth
9%
Aimbotter Air Fryer
9%
Komatic5 Anarchy Road
9%
NOBVIBINDEK Arcana
9%
Asterna arctic alpine
9%
thejshadow Arcturan
9%
7rodo ARGIBI
9%
vLibra Avalon Chronicles
9%
Darwin Backbeat Revenge
9%
HanStor Basic 3rr0r
9%
Debihan Basic Phase
9%
Vizitek Before Machinery
9%
GDTicLos BOSS RUSH 2
9%
Bpi boundless
9%
GamerKnight750 Boundless Dreams
9%
aPunch Breakpoint
9%
AbstractDark Calamity
9%
16lord Cartash
9%
Danke CASINO BLITZ
9%
qMystic Cats Invasion
9%
Whirl Cheat Codes
9%
skywalker14 cheer up my brothers
9%
Kazey CHUPACABRA
9%
Subwoofer Citadel
9%
MaxxoRMeN CITYFADE
9%
Mega0of Cog
9%
rply commatose
9%
82wyatt Conservation of Two
9%
Zipixbox Controlled Chaos
9%
vegtam COPYCAT
9%
Neeki Corporate Slop
9%
Kazey COSMIC CRUSH
9%
Apstrom Cosmic Jump
9%
EliziumTeam Cozy Court
9%
Pauze Crud
9%
farstove dash legends
9%
MinAY Dead Angels
9%
Soverney Dead God Cult
9%
vegtam DECAY
9%
VEALT DeepDive
9%
DangerousROBOT Deep Echo
9%
galofuf Defining and Defying
9%
Glubfuberz Dino Daydreams
9%
TySGD Displacement
9%
ivyteal DISSONANCE
9%
LLorca Disturbance
9%
Serponge Echo Delta
9%
MinAY Echoes of Neon
9%
classic10 eorock
9%
MattewGame Espiazione
9%
GloryEX Eta Carnis
9%
MattewGame Eternal Gungeon
9%
galofuf EverAfter
9%
Kiriia Exotic soul
9%
mbed experiment
9%
Tfor1 FacelesS MonumenT
9%
unne Fe
9%
MoistenedEgg Feed your grungaus
9%
ClingingBog Flicker
9%
stanstanmansan Floral CatastrophE
9%
Zoroa Floraverse
9%
GGLudvigg Forgotten Metropolis
9%
Vitto918 FreeStyle
9%
pocke Free the Boys
9%
hauxz FROST VISIONS
9%
denberZ GalatikuS
9%
LRH GDGR Music Video
9%
MyNameIsGreen Geometry Quest
9%
MyNameIsGreen Geometry Quest II
9%
wetols GGEZ
9%
EliziumTeam Ginger Wonderland
9%
SeniorSaturno Heavy Gears
9%
SwitchStepGDYT Hellfire
9%
thoph HollowCloud
9%
3DADronX Hyperastralis
9%
Subwoofer HYPERVOID
9%
GamerKnight750 Infernal Aether
9%
Bpi INITIATION
9%
shodai1128 Inspection
9%
HelpegasuS Junk Realm
9%
Twandash Kalpa
9%
YukiMasterGD Kamalayan
9%
Bpi Kingdom of Hearts
9%
SeniorSaturno Kiss of Fortune
9%
EtherumTeam KPYT6IE L9GUSHKI
9%
Nico99 Kuru Kuru Kururin
9%
tricipital Labyrinth
9%
Sear15 Last Fate
9%
WistFrost Limina
9%
Darwin M A N I A
9%
matty2003 Midnight Wish
9%
fawksgdd Mirage
9%
Darwin MISSION ICARUS
9%
Twandash Mission S
9%
stanstanmansan MoonblasT
9%
GGEasyLvl mystery mansion
9%
DHaner Myths
9%
Nicki1202 Neptunes Path
9%
TriStorm Next Call Subpixel
9%
Zipixbox Next Stage
9%
Nico99 Oblivium
9%
thejshadow Orbiter
9%
GGEasyLvl Ore clicker II
9%
ChrySpy OTHERSIDE
9%
CreatorCreepy Otu
9%
ElMatoSWAG Own Display
9%
Blueskii Pale Machine
9%
Loltad Peaks and Shrieks
9%
GDvesuvius Phalcron
9%
djudjeito Pluto
9%
Bpi point of view
9%
ivyteal Polychrome
9%
shodai1128 Protocol
9%
Bpi PUNCH
9%
surveyor23 REDEEMER
9%
waffybun RED VELVET
9%
Rhandom Rhandoms Arena
9%
zejoant Rockfall Rush
9%
Glubfuberz Royal Roost Ruins
9%
Grax RUINS
9%
LunaFoxxd SAFESPACES
9%
StyphonTV Scarlet Central
9%
Aimbotter Schming Summit
9%
xVicoGD SEIZA
9%
thejshadow Sheercrag
9%
ElMatoSWAG Showtime Gambit
9%
BrothersFTW Silent Mind
9%
pocke Skyline Pt II
9%
Zoroa Sky Mirage
9%
Zoogie SOREVILLE
9%
Subwoofer Space Invaders
9%
thejshadow Spire of Arcanum
9%
ElMatoSWAG Starbladesaster
9%
ClingingBog STARBREAKER
9%
EVILF STEEP
9%
kilobit Still
9%
Paintingorange Strange Relationship
9%
AlvaroPaws Strongest Thoughts
9%
Debihan Stronghold
9%
Holographer Summer Gallery
9%
MoistenedEgg Terminus
9%
ItzKiba The Crossing
9%
boobly The hole II
9%
GDmaslo the masler
9%
thejshadow The Nucleus
9%
GDGrazy The Peak
9%
16lord The Retro Tower
9%
MoistenedEgg The Topala Prelude
9%
YoReid The Vermin Queen
9%
MaxxoRMeN Video
9%
Pb207 Voyager One
9%
PlexifyGD Vulkan
9%
FVIII Winter Blitz
9%
DuckNgl Winter Blitz II
9%
Glubfuberz Wistful Wilds
9%
NoobyPro27 Without U
9%
SP ValuE Working Together
9%
Svallux Wretched
9%
Neofar Your Wish Awaits
9%
MercuryDT cognitohazard
0%
Antman0426 FrostBurn
0%
vyp Gateway Prime
0%
motleyorc HEAVENSWARD
0%
waterpump Lacertus
0%
BeeJee Project Lobotomy
0%
Custi THE CRITTER BOX
0%
shokogi typewriter
0%
vened Vco
0%
No matching quizzes found
Score Distribution
Percent of People with Each Score
Percentile by Number Answered
Your Score History
You have not taken this quiz since the last reset